Etica : segundo semestre /

Contenido: 1) Etica y globalización; 2) Etica, ciencia y tecnología; 3) Bioética y su relación con la vida humana; 4) Etica, medio ambiente, desarrollo sostenible y sustentable.

Guardado en:
Bibliografiske detaljer
Hovedforfatter: Magadán Revelo, Manuel Alejandro (autor)
Format: Bog
Sprog:spansk
Udgivet: México : Santillana, 2018, c2018
Serier:(Bachillerato Santillana)
Fag:
Tags: Tilføj Tag
Ingen Tags, Vær først til at tagge denne postø!

MARC

LEADER 00000nam^a2200000^a^4500
001 000418884
005 20250521000000.0
009 20260526144238.431
020 |a 978-607-01-4099-0 
037 |a Acervo ITESO - Biblioteca 
041 |a ESP 
082 |a 373. 238045  |b PRE ETI S. 2 
100 |a Magadán Revelo, Manuel Alejandro  |e (autor) 
240 1 1 |a [Etica Santillana] 
245 1 0 |a Etica :  |b segundo semestre /  |c M.A. Magadán Revelo. 
264 4 |a México :  |b Santillana,  |c 2018, c2018 
300 |a 176 p. 
336 |a texto  |b txt  |2 rdacontenido 
337 |a sin mediación  |b n  |2 rdamedio 
338 |a volumen  |b nc  |2 rdasoporte 
440 1 |a (Bachillerato Santillana) 
520 |a Contenido: 1) Etica y globalización; 2) Etica, ciencia y tecnología; 3) Bioética y su relación con la vida humana; 4) Etica, medio ambiente, desarrollo sostenible y sustentable. 
521 |a 2021 BO Preparatoria 
649 |a XX 
650 |a Vida Humana -  |x Aspectos Eticos 
650 |a Bioética 
650 |a Medio Ambiente -  |x Aspectos Eticos 
650 |a Globalización -  |x Aspectos Eticos 
650 |a Etica Científica 
650 |a Etica -  |x Estudio y Enseñanza -  |x Tema Principal 
650 |a Filosofía 
650 |a Libros de Texto 
650 |a Educación Media Superior -  |z Guadalajara, Jalisco -  |x Tema Principal 
650 |a Educación Media Superior -  |z México 
910 |a Fondo General 
920 |a Impresos - Libros 
930 |a Colección General 
905 |a 101 
901 |a 0500328552  |b IT1  |c ACC  |i C171765  |u 20250521 
901 |a 0500328551  |b IT1  |c ACC  |i C171766  |u 20250521 
901 |a 0500328550  |b IT1  |c ACC  |i C171767  |u 20250521 
902 |a https://opac.biblio.iteso.mx/vufind/Record/000418884